Planeamiento de la carera del personal (Registro nro. 2590)

Detalles MARC
000 -LEADER
fixed length control field 00836 a2200193 4500
001 - CONTROL NUMBER
control field 35895
005 - DATE AND TIME OF LATEST TRANSACTION
control field 20260407155637.0
008 - FIXED-LENGTH DATA ELEMENTS--GENERAL INFORMATION
fixed length control field 260407a1970 arg spa d
003 - CONTROL NUMBER IDENTIFIER
control field AR-UNSa-BCEJYS
040 ## - CATALOGING SOURCE
Original cataloging agency AR-UNSa-BCEJYS
Language of cataloging spa
Transcribing agency AR-UNSa-BCEJYS
080 ## - UNIVERSAL DECIMAL CLASSIFICATION NUMBER
Universal Decimal Classification number 658.312.4
Common auxiliary subdivision Educación y adiestramiento (capacitación, formación, carrera...)
100 1# - MAIN ENTRY--PERSONAL NAME
Personal name Maristany, Jaime
245 10 - TITLE STATEMENT
Title Planeamiento de la carera del personal
264 #1 - PRODUCTION, PUBLICATION, DISTRIBUTION, MANUFACTURE, AND COPYRIGHT NOTICE
Place of production, publication, distribution, manufacture Buenos Aires :
Name of producer, publisher, distributor, manufacturer Editores Asociados
Date of production, publication, distribution, manufacture, or copyright notice 1970
300 ## - PHYSICAL DESCRIPTION
Extent 177 p.
Dimensions 22 cm.
505 ## - FORMATTED CONTENTS NOTE
Formatted contents note 1. El desarrollo del personal - 2. Planeamiento de carrera - 3. Técnicas de planemiento de carrera - 4. Técnicas de planeamiento - 5. Técnicas de planemiento - 7. Técnicas de planemiento - 8. La dinámica del planeamiento - 9. Casos de estudio.
590 ## - LOCAL NOTE (RLIN)
Local note niveau_biblio:m niveau_hierar:0
942 ## - ADDED ENTRY ELEMENTS (KOHA)
Koha item type
Existencias
Withdrawn status Lost status Damaged status Not for loan Home library Current library Shelving location Date acquired Total checkouts Full call number Barcode Date last seen Price effective from Koha item type
        Biblioteca Prof. Eusebio Cleto del Rey Biblioteca Prof. Eusebio Cleto del Rey   07/04/2026   658.312.4 M332 L12412 07/04/2026 07/04/2026 Libro
        Biblioteca Prof. Eusebio Cleto del Rey Biblioteca Prof. Eusebio Cleto del Rey   07/04/2026   658.312.4 M332 L12413 07/04/2026 07/04/2026 Libro